| 000 | 01199cam a22003017a 4500 | ||
|---|---|---|---|
| 001 | 15326595 | ||
| 005 | 20080630123921.0 | ||
| 008 | 080612r20082007nyua b 001 0 eng | ||
| 010 | _a 2008299561 | ||
| 015 |
_aGBA824830 _2bnb |
||
| 016 | 7 |
_a014536657 _2Uk |
|
| 020 | _a9780071548298 (hbk.) | ||
| 035 | _a(OCoLC)ocn229463484 | ||
| 040 |
_aUKM _cUKM _dYDXCP _dBAKER _dDLC |
||
| 042 |
_aukblcatcopy _alccopycat |
||
| 050 | 0 | 0 |
_aT174.7 _b.P695 2008 |
| 082 | 0 | 4 |
_a620.5 _222 _bPRA |
| 100 | 1 |
_aPradeep, T. _95436 |
|
| 245 | 1 | 0 |
_aNano : _bThe essentials : understanding nanoscience and nanotechnolgy / _cT. Pradeep. |
| 260 |
_aNew York ; _bMcGraw-Hill, _cc2008. |
||
| 300 |
_axvii, 432 p., [12] p. of plates : _bill. ; _c25 cm. |
||
| 504 | _aIncludes bibliographical references and index. | ||
| 505 | _aIncludes bibliographical references and index. | ||
| 650 | 0 |
_aNanotechnology. _95437 |
|
| 942 |
_2ddc _cBB |
||
| 999 |
_c11647 _d11647 |
||